000
00291nam a2200109 4500
008
160629b xxu||||| |||| 00| 0 eng d
100
_9
1334
_a
Maheswari., et al
245
_a
Understanding ICSE Biology
260
_a
N.D
_b
Arya
_c
2000
300
_a
Understanding ICSE Biology
942
_2
ddc
_c
BK
999
_c
1093
_d
1093